Effectif du Real Madrid(2025-2026) - Statistiques

Statistiques générales
  • Ce quiz a été pris 95 fois
  • Le résultat moyen est 21 sur 26
Statistiques - réponses
Poste Match joués Équipe nationale Réponse % Correct
G 22 🇧🇪 Courtois
97%
A 22 🇫🇷 Mbappé
97%
A 23 🇧🇷 Vinicius Jr
97%
M 18 🇬🇧 Bellingham
93%
M 22 🇺🇾 Valverde
93%
M 15 🇫🇷 Camavinga
91%
A 19 🇧🇷 Rodrygo
91%
M 21 🇫🇷 Tchouaméni
91%
D 6 🇩🇪 Rüdiger
90%
G 2 🇺🇦 Lunin
88%
M 23 🇹🇷 Arda Güler
86%
D 8 🇪🇸 Carvajal
86%
D 1 🇫🇷 F. Mendy
86%
D 16 🇧🇷 Militão
86%
D 4 🇦🇹 Alaba
84%
D 11 🇬🇧 Trent
83%
A 2 🇧🇷 Endrick
80%
Ent / 🇪🇸 Alonso
75%
D 15 🇳🇱 Huijsen
68%
D 8 🇪🇸 Fran Garcia
67%
A 13 🇦🇷 Mastantuono
59%
D 16 🇪🇸 Asencio
57%
A 18 🇪🇸 Brahim Diaz
55%
D 21 🇪🇸 Carreras
55%
M 13 🇪🇸 Ceballos
54%
A 15 🇪🇸 Gonzalo
43%
Aucun quiz correspondant
Distribution des résultats
% des personnes avec chaque résultat
Percentile par nombre de réponses
Votre historique - résultats
Vous n’avez pas pris ce quiz